000 00558cab a2200205 4500
001 WB3023-08
008 090401t1994 xxu||||| |||| 00| 0 eng d
035 _a(Sirsi) u71265
041 _aeng
245 _aBT`s big sell off
260 _c1994
350 _a0
490 _aFinancial Times
_v17 June 1994, 13(2)
520 _aReviews the BT`s property disposals and the management of its portfolio.
650 _aPORTFOLIO MANAGEMENT
650 _aPROPERTY DISPOSALS
690 _aPROPERTY-COMMERCIAL PROPERTY
942 _n0
948 _c04/03/1997
999 _c44904
_d44904